| 000 | 00000nam##2200000za#4500 |
| 001 | 9.639903 |
| 003 | CaOODSP |
| 005 | 20220818080251 |
| 007 | cr ||||||||||| |
| 008 | 150407|2001||||xxc|||||o f|0| 0 fre|d |
| 040 | |aCaOODSP|bfre |
| 043 | |an-cn--- |
| 086 | 1 |aIP34-9/2001F-PDF |
| 110 | 2 |aCommissariat à la protection de la vie privée du Canada. |
| 245 | 10|aVos droits en matière de vie privée : |h[ressource électronique]|bguide au sujet de la Loi sur la protection des renseignements personnels et les documents électroniques : un guide pour les Canadiens et les Canadiennes |
| 260 | |aOttawa - Ontario : |bCommissariat à la protection de la vie privée du Canada |cFévrier 2001. |
| 300 | |a10p.|bphotographies |
| 590 | |a12-16-Supp|b2012-04-17 |
| 691 | 07|aVie privée|2gcpds |
| 691 | 07|aDocument électronique|2gcpds |
| 775 | 08|tYour privacy rights : |w(CaOODSP)9.695783 |
| 776 | 0#|tVos droits en matière de vie privée : |w(CaOODSP)9.681762 |
| 856 | 40|ahttp://publications.gc.ca|qPDF|s212 Ko|uhttps://publications.gc.ca/collections/Collection/IP34-9-2001F.pdf |